000 01018nam a2200253 a 4500
001 000035233
005 20200930074208.0
008 111026s1957 ag 000 0 spa d
040 _aDO-SdBNP
_bspa
_cBNPHU
082 _axxxx
_bN236r
100 1 _aNartmann, Nicolai
_960986
240 1 0 _aGrundzüge einer metaphysik der erknntnis
_lEspañol
245 1 0 _aRasgos fundamentales de una metafísica del conocimiento /
_cNicolai Nartmann ; traducción de J. Rovira Armengol ; prólogo a las ediciones tercera y cuarta Nicolai Hartmann.
260 _aBuenos Aires :
_bLosada,
_c1957.
300 _a2 v.
490 1 _aBiblioteca filosófica
500 _aTraducido del alemán
500 _aColección publicada bajo la dirección de Biblioteca filosófica Francisco Romero
590 _aPerteneció a la biblioteca personal de Juan Isidro Jimenes Grullón.
700 1 _aRovira Armengol, J.,
_etr.
_960987
700 1 _aHartmann, Nicolai
_epról
_960988
830 0 _aBiblioteca filosófica
_960733
049 _aBNGR
999 _c34724
_d34724